<?xml version="1.0" encoding="UTF-8"?>
<record
    xmlns:xsi="http://www.w3.org/2001/XMLSchema-instance"
    xsi:schemaLocation="http://www.loc.gov/MARC21/slim http://www.loc.gov/standards/marcxml/schema/MARC21slim.xsd"
    xmlns="http://www.loc.gov/MARC21/slim">

  <leader>01685nam a2200241 a 4500</leader>
  <controlfield tag="008">120515t2012    ag a|||g |||| 001 0 spa d</controlfield>
  <datafield tag="020" ind1=" " ind2=" ">
    <subfield code="a">S/N</subfield>
  </datafield>
  <datafield tag="041" ind1=" " ind2=" ">
    <subfield code="a">spa</subfield>
  </datafield>
  <datafield tag="092" ind1=" " ind2=" ">
    <subfield code="c">344</subfield>
    <subfield code="l">54</subfield>
    <subfield code="s">MU&#xD1;</subfield>
  </datafield>
  <datafield tag="100" ind1="1" ind2=" ">
    <subfield code="a">Mu&#xF1;oz Villagran, Jorge L.</subfield>
    <subfield code="e">Coord.</subfield>
    <subfield code="9">3526</subfield>
  </datafield>
  <datafield tag="245" ind1=" " ind2=" ">
    <subfield code="a">Pedagog&#xED;a pol&#xED;tica en Don Jaime de Nevares /</subfield>
    <subfield code="c">Jorge L. Mu&#xF1;oz Villagran</subfield>
  </datafield>
  <datafield tag="250" ind1=" " ind2=" ">
    <subfield code="a">2a ed.</subfield>
  </datafield>
  <datafield tag="260" ind1=" " ind2=" ">
    <subfield code="a">Neuqu&#xE9;n [Neuqu&#xE9;n ; Argentina]:</subfield>
    <subfield code="b">Kuruf ; EDUCO;</subfield>
    <subfield code="c">2012.</subfield>
  </datafield>
  <datafield tag="300" ind1=" " ind2=" ">
    <subfield code="a">311 p.</subfield>
    <subfield code="b">il.</subfield>
  </datafield>
  <datafield tag="500" ind1=" " ind2=" ">
    <subfield code="a">Mu&#xF1;oz Villagran, J. (Coord.). (2012). Pedagog&#xED;a pol&#xED;tica de Don Jaime de Nevares. (2a ed.). Neuqu&#xE9;n : EDUCO.</subfield>
  </datafield>
  <datafield tag="505" ind1=" " ind2=" ">
    <subfield code="a">En la larga historia de Jaime de Nevares en Neuqu&#xE9;n podemos encontrar ideas y pr&#xE1;cticas sobre las cuales ir avanzando y discutiendo, en procura de una forma de hacer pol&#xED;tica que difiera de los que com&#xFA;nmente se asume hoy como "actividad pol&#xED;tica". A partir de algunas de las posturas ideol&#xF3;gicas y actos de De Nevares se puede pretender una acci&#xF3;n pol&#xED;tica sincera, confiada, de base popular, coherente en el tiempo y las situaciones, a la vez que responsable y liberadora. Un recorrido por las ideas, discurso y pr&#xE1;cticas pol&#xED;ticas en la vida de Don Jaime permite revalorizar y hacer querible una de las actividades m&#xE1;s nobles en el ser humano, el servicio p&#xFA;blico... es decir, la pol&#xED;tica. </subfield>
  </datafield>
  <datafield tag="653" ind1=" " ind2=" ">
    <subfield code="a">Capitulo I: Pedagog&#xED;a Pol&#xED;tica en Don Jaime</subfield>
  </datafield>
  <datafield tag="653" ind1=" " ind2=" ">
    <subfield code="a">Capitulo II: Don Jaime, la universidad Nacional del Comahue y el "norte neuquino"</subfield>
  </datafield>
  <datafield tag="653" ind1=" " ind2=" ">
    <subfield code="a">Capitulo III: Don Jaime y los chilenos en Neuqu&#xE9;n</subfield>
  </datafield>
  <datafield tag="653" ind1=" " ind2=" ">
    <subfield code="a">Capitulo IV: Don Jaime en nuestros historiadores</subfield>
  </datafield>
  <datafield tag="653" ind1=" " ind2=" ">
    <subfield code="a">Breve rese&#xF1;a de la vida de Jaime Francisco de Nevares</subfield>
  </datafield>
  <datafield tag="942" ind1=" " ind2=" ">
    <subfield code="2">ddc</subfield>
    <subfield code="c">BK</subfield>
  </datafield>
  <datafield tag="999" ind1=" " ind2=" ">
    <subfield code="c">2150</subfield>
    <subfield code="d">2150</subfield>
  </datafield>
  <datafield tag="952" ind1=" " ind2=" ">
    <subfield code="0">0</subfield>
    <subfield code="1">0</subfield>
    <subfield code="2">ddc</subfield>
    <subfield code="4">0</subfield>
    <subfield code="7">0</subfield>
    <subfield code="a">BFM</subfield>
    <subfield code="b">BFM</subfield>
    <subfield code="c">CR</subfield>
    <subfield code="d">2015-03-31</subfield>
    <subfield code="e">Donaci&#xF3;n Pastoral de Migraciones, Marzo 2015.</subfield>
    <subfield code="l">0</subfield>
    <subfield code="o">344 54 MU&#xD1;</subfield>
    <subfield code="p">3467</subfield>
    <subfield code="r">2015-03-31</subfield>
    <subfield code="t">Ej.1</subfield>
    <subfield code="w">2015-03-31</subfield>
    <subfield code="y">BK</subfield>
    <subfield code="z">Donaci&#xF3;n Pastoral de Migraciones, Marzo 2015.</subfield>
  </datafield>
  <datafield tag="952" ind1=" " ind2=" ">
    <subfield code="0">0</subfield>
    <subfield code="1">0</subfield>
    <subfield code="2">ddc</subfield>
    <subfield code="4">0</subfield>
    <subfield code="7">0</subfield>
    <subfield code="a">BFM</subfield>
    <subfield code="b">BFM</subfield>
    <subfield code="c">CR</subfield>
    <subfield code="d">2018-03-06</subfield>
    <subfield code="e">Donacion</subfield>
    <subfield code="l">0</subfield>
    <subfield code="o">344 54 MU&#xD1;</subfield>
    <subfield code="p">4192</subfield>
    <subfield code="r">2018-03-06</subfield>
    <subfield code="t">Ej. 2</subfield>
    <subfield code="w">2018-03-06</subfield>
    <subfield code="y">BK</subfield>
    <subfield code="z">Donacion Dr. Julio Arce/ Mar2018</subfield>
  </datafield>
</record>
